Atlas de la Tierra Media /

Estudio sobre la geografía y presentación de 100 mapas y planos a color de la llamada Tierra Media, el continente ficticio que sirve como escenario de las historia de El señor de los anillos, escrito por el británico J.R.R. Tolkien. La autora, reconocida cartógrafa, presenta distintos mapas: de las...

Descripción completa

Guardado en:
Detalles Bibliográficos
Autor principal: Fonstad, Karen Wynn (autor)
Formato: Libro
Idioma:Español
Publicado: Barcelona, España : Planeta, 2024, c2024
Temas:
Etiquetas: Agrega una etiqueta
Sin etiquetas, Sé el primero en etiquetar este registro!

MARC

LEADER 00000nam^a2200000^a^4500
001 000627132
005 20260203000000.0
009 20260310134048.784
020 |a 978-84-450-1713-5 
037 |a Acervo ITESO - Biblioteca 
041 |a ESP 
082 |a 820. 942082  |b FON 
100 |a Fonstad, Karen Wynn  |e (autor) 
240 1 4 |a [El hobbit] 
240 1 4 |a [El señor de los anillos] 
245 1 0 |a Atlas de la Tierra Media /  |c K.W. Fonstad. 
264 4 |a Barcelona, España :  |b Planeta,  |c 2024, c2024 
300 |a 215 p. 
336 |a texto  |b txt  |2 rdacontenido 
337 |a sin mediación  |b n  |2 rdamedio 
338 |a volumen  |b nc  |2 rdasoporte 
500 |a Traducción de: The Atlas of Middle-Earth 
520 |a Estudio sobre la geografía y presentación de 100 mapas y planos a color de la llamada Tierra Media, el continente ficticio que sirve como escenario de las historia de El señor de los anillos, escrito por el británico J.R.R. Tolkien. La autora, reconocida cartógrafa, presenta distintos mapas: de las guerras y batallas que aparecen descritas en los libros, de los viajes que llevan a cabo Bilbo, Frodo y la Compañía del Anillo, del clima y la demografía de las distintas eras y regiones de la Tierra Media, entre otros. 
521 |a FIL 2025 DIA 
545 0 |a Nacido en Bloemfontein, Sudáfrica en 1892 y fallecido en 1973 en Bournemouth, Inglaterra, J.R.R. Tolkien es uno de los autores más leídos de la literatura mundial del siglo XX. Autor de importantes obras filológicas sobre las leyendas medievales sajonas y célticas, Tolkien se ha inspirado en temas y referentes de la literatura fantástica medieval para crear una saga de cuatro narraciones: El hobitt (1937) y la trilogía de El señor de los anillos (1954-1955). Los numerosos lectores de estas obras las han vuelto un fenómeno sociológico de indiscutible interés, pero los críticos destacan que por encima de este éxito de ventas, el escritor inglés es creador de una narrativa compleja y de rica inventiva. 
649 |a XX 
650 |a Escritores Ingleses 
650 |a Atlas 
650 |a Lugares Mitológicos e Imaginarios -  |x Mapas -  |x Tema Principal 
650 |a Literatura Fantástica -  |z Inglaterra -  |x Historia y Crítica 
650 |a Literatura Inglesa -  |x Historia y Crítica 
650 |a Literatura Inglesa -  |y Siglo XX 
650 |a Tolkien, J.R.R. -  |x Tema Principal 
910 |a Fondo General 
920 |a Impresos - Libros 
930 |a Reserva Especial 
940 |a Literatura 
905 |a 103 
901 |a 627132-10  |b IT1  |c REE  |i C191801  |u 20260203 
902 |a https://opac.biblio.iteso.mx/vufind/Record/000627132